Pays fusionnés n°3 - Statistiques

Statistiques générales
  • Ce quiz a été pris 14 834 fois
  • Le résultat moyen est 14 sur 20
Réponses sur la Carte
Les réponses sont colorées sur une échelle allant du rouge au vert en fonction du pourcentage des utilisateurs qui les ont devinées à leur premier essai. Vous pouvez retrouver ces pourcentages ci-dessous.
 
Statistiques - réponses
Pays % Correct
Suède
86%
Brésil
85%
Norvège
85%
Inde
84%
Uruguay
81%
Pakistan
79%
Soudan
79%
Soudan du Sud
75%
Irak
68%
Syrie
67%
France
61%
Pérou
60%
Équateur
59%
Algérie
57%
Suriname
57%
Tunisie
56%
Mozambique
55%
Serbie
54%
Monténégro
52%
Zimbabwe
52%
Aucun quiz correspondant
Distribution des résultats
% des personnes avec chaque résultat
Percentile par nombre de réponses
Votre historique - résultats
Vous n’avez pas pris ce quiz